[Event "Reykjavik op"]
[Site "Reykjavik"]
[Date "2019.04.10"]
[Round "4"]
[White "Fivelstad, Jon Olav"]
[Black "Bewersdorff, Oliver"]
[Result "0-1"]
[WhiteElo "1883"]
[BlackElo "2261"]
[PlyCount "64"]
[EventDate "2019.04.08"]
[EventType "swiss"]
[EventRounds "9"]
[EventCountry "ISL"]
[SourceTitle "CBM 189 Extra"]
[Source "ChessBase"]
[SourceDate "2019.06.03"]
[SourceVersion "1"]
[SourceVersionDate "2019.06.03"]
[SourceQuality "1"]

1. e4 c5 2. Nf3 Nc6 3. d4 cxd4 4. Nxd4 e5 5. Nb5 d6 6. a4 Be6 7. N1c3 a6 8. Na3 Be7 9. Nc4 Nf6 10. Bg5 Nd4 11. Bxf6 Bxf6 12. a5 0-0 13. Nb6 Rb8 14. Ncd5 Nc6 15. b4 Bg5 16. Bd3 Qe8 17. 0-0 Bd8 18. c3 Kh8 19. Qh5 Ne7 20. c4 g6 21. Qd1 Nc6 22. b5 axb5 23. cxb5 Nxa5 24. Qa4 Nb3 25. Qxb3 Bxb6 26. Bc4 Bd4 27. Rac1 Rc8 28. Qb4 Qd8 29. Bb3 Qh4 30. Rce1 Rc5 31. Kh1 Bxd5 32. Bxd5 Bc3 0-1

[Event "Kragero op"]
[Site "Kragero"]
[Date "2019.02.24"]
[Round "8"]
[White "Mashinskaya, Iulia"]
[Black "Fivelstad, Jon Olav"]
[Result "1-0"]
[WhiteElo "2261"]
[BlackElo "1900"]
[PlyCount "95"]
[EventDate "2019.02.20"]
[EventType "swiss"]
[EventRounds "9"]
[EventCountry "NOR"]
[SourceTitle "CBM 189 Extra"]
[Source "ChessBase"]
[SourceDate "2019.06.03"]
[SourceVersion "1"]
[SourceVersionDate "2019.06.03"]
[SourceQuality "1"]

1. d4 Nf6 2. Nf3 e6 3. e3 b6 4. Bd3 Bb7 5. b3 Be7 6. Bb2 0-0 7. Nbd2 d5 8. 0-0 c5 9. Ne5 Nc6 10. Ndf3 Rc8 11. Nxc6 Rxc6 12. Qe2 Qc8 13. c4 Rc7 14. Rac1 Qa8 15. dxc5 Rxc5 16. b4 dxc4 17. bxc5 cxd3 18. Qxd3 Bxf3 19. gxf3 Qxf3 20. Qd1 Qxd1 21. Rfxd1 Bxc5 22. Bxf6 gxf6 23. Rd7 a5 24. a4 f5 25. Rcd1 Kg7 26. Rd8 Kf6 27. Rxf8 Bxf8 28. Rd7 Bc5 29. Kf1 Kg6 30. Ke2 h6 31. Rd8 Kg7 32. Kf3 Be7 33. Rd1 Kf6 34. Ke2 Bc5 35. f3 Kg6 36. Rg1+ Kf6 37. Rg8 Ke5 38. Rh8 Kd5 39. Kd3 Bd6 40. Rxh6 Kc5 41. Rh8 Kb4 42. h4 Kxa4 43. h5 Be5 44. Rg8 Kb3 45. f4 Bc3 46. Rb8 a4 47. Rxb6+ Bb4 48. h6 1-0

[Event "Reykjavik Taflfelag op"]
[Site "Reykjavik"]
[Date "2018.11.21"]
[Round "6"]
[White "Thorsson, Pall"]
[Black "Fivelstad, Jon Olav"]
[Result "1-0"]
[WhiteElo "1646"]
[BlackElo "1928"]
[PlyCount "139"]
[EventDate "2018.10.17"]
[EventType "swiss"]
[EventRounds "7"]
[EventCountry "ISL"]
[SourceTitle "CBM 187 Extra"]
[Source "ChessBase"]
[SourceDate "2018.11.04"]
[SourceVersion "1"]
[SourceVersionDate "2018.11.04"]
[SourceQuality "1"]

1. e4 e5 2. Nf3 Nc6 3. Bc4 Bc5 4. Nc3 Nf6 5. d3 h6 6. a3 a6 7. Be3 Ba7 8. Qd2 d6 9. 0-0-0 b5 10. Bd5 Bd7 11. d4 Ng4 12. h3 Nxe3 13. fxe3 0-0 14. g4 Rb8 15. g5 hxg5 16. Rdg1 b4 17. Rxg5 bxc3 18. Qg2 cxb2+ 19. Kb1 Be6 20. Bxe6 Qxg5 21. Nxg5 fxe6 22. Nxe6 Rf7 23. Rf1 exd4 24. Rxf7 Kxf7 25. Nxc7 dxe3 26. Nxa6 Rf8 27. Nc7 Nd4 28. Nd5 e2 29. Qg3 Bc5 30. Kxb2 Ra8 31. Qf2+ Kg6 32. Ne7+ Kg5 33. h4+ Kg4 34. Nf5 Bxa3+ 35. Kb1 Rb8+ 36. Ka2 Nxf5 37. Qxe2+ Kxh4 38. exf5 Bc5 39. Qg2 Rb4 40. Qxg7 Rf4 41. Qg6 d5 42. f6 d4 43. Kb3 Rg4 44. Qf5 Bf8 45. Kc4 Kg3 46. Kd5 Rf4 47. Qd3+ Kg4 48. Qg6+ Kf3 49. Ke6 Bb4 50. f7 Bf8 51. Kd7 Ke2 52. Qd3+ Kf2 53. Ke8 Bc5 54. Qc4 Bd6 55. Qd5 Bb4 56. Qc4 Bd6 57. Qd3 Bb4 58. Qb3 Bd6 59. Kd7 Bc5 60. Qc4 Bf8 61. c3 Bg7 62. cxd4 Kf3 63. Qd3+ Kf2 64. Ke6 Rf6+ 65. Ke7 Rf3 66. Qxf3+ Kxf3 67. d5 Kf4 68. d6 Ke5 69. d7 Bf6+ 70. Ke8 1-0

[Event "Reykjavik Taflfelag op"]
[Site "Reykjavik"]
[Date "2018.10.31"]
[Round "3"]
[White "Fivelstad, Jon Olav"]
[Black "Vignisson, Ingvar Egill"]
[Result "1/2-1/2"]
[WhiteElo "1928"]
[BlackElo "1647"]
[PlyCount "166"]
[EventDate "2018.10.17"]
[EventType "swiss"]
[EventRounds "7"]
[EventCountry "ISL"]
[SourceTitle "CBM 187 Extra"]
[Source "ChessBase"]
[SourceDate "2018.11.04"]
[SourceVersion "1"]
[SourceVersionDate "2018.11.04"]
[SourceQuality "1"]

1. e4 c5 2. Nf3 d6 3. d4 cxd4 4. Nxd4 Nf6 5. Nc3 a6 6. Bd3 e5 7. Nb3 Be7 8. 0-0 0-0 9. a4 b6 10. Bc4 Bb7 11. Qe2 Nbd7 12. Rd1 Qc7 13. a5 b5 14. Nd5 Qxc4 15. Nxe7+ Kh8 16. Qxc4 bxc4 17. Nd2 c3 18. bxc3 Bxe4 19. Nxe4 Nxe4 20. Kf1 Nxc3 21. Rxd6 Nf6 22. Bb2 Nb5 23. Rd3 Rfe8 24. Nf5 Rac8 25. Ne3 e4 26. Rd2 Re6 27. Rad1 Ne8 28. Rd8 Rec6 29. Ke1 h6 30. Nf5 Rxc2 31. Bxg7+ Kh7 32. Bxh6 Nf6 33. Rxc8 Rxc8 34. Rc1 Rxc1+ 35. Bxc1 Kg6 36. Ne7+ Kh5 37. Bb2 Nd7 38. Nc6 Nc5 39. Ke2 Nd3 40. Bd4 f5 41. f3 Nxd4+ 42. Nxd4 Nf4+ 43. Kf2 Nd3+ 44. Ke3 Ne5 45. fxe4 Nc4+ 46. Kf4 fxe4 47. Nc6 e3 48. Kf3 Kg5 49. Nb4 Ne5+ 50. Ke2 Kh4 51. Nd5 Ng4 52. h3 Ne5 53. Kxe3 Kg3 54. Nf4 Nc4+ 55. Ke4 Nd2+ 56. Kf5 Nf1 57. Kg5 Nd2 58. Nd5 Kxg2 59. Kg4 Nf3 60. Nf4+ Kf2 61. Nd3+ Ke2 62. Nc5 Kf2 63. Ne6 Kg2 64. Nf4+ Kf2 65. Nd5 Kg2 66. Nf4+ Kf2 67. Nd5 Kg2 68. Ne3+ Kf2 69. Kf4 Nh4 70. Nc4 Kg2 71. Kg4 Nf3 72. Ne3+ Kf2 73. Nf5 Nh2+ 74. Kf4 Nf3 75. Ne3 Nh4 76. Kg4 Nf3 77. Nd1+ Kg2 78. Ne3+ Kf2 79. Nf1 Ne5+ 80. Kf4 Nf3 81. Ne3 Nh4 82. Nd1+ Kg2 83. Kg4 Nf3 1/2-1/2

[Event "Reykjavik Taflfelag op"]
[Site "Reykjavik"]
[Date "2018.10.24"]
[Round "2"]
[White "Briem, Hedinn Sveinn Baldu"]
[Black "Fivelstad, Jon Olav"]
[Result "0-1"]
[WhiteElo "1612"]
[BlackElo "1928"]
[PlyCount "85"]
[EventDate "2018.10.17"]
[EventType "swiss"]
[EventRounds "7"]
[EventCountry "ISL"]
[SourceTitle "CBM 187 Extra"]
[Source "ChessBase"]
[SourceDate "2018.11.04"]
[SourceVersion "1"]
[SourceVersionDate "2018.11.04"]
[SourceQuality "1"]

1. d4 Nf6 2. c4 e6 3. g3 c5 4. Nf3 cxd4 5. Nxd4 Nc6 6. Nc3 Bb4 7. Bg2 0-0 8. 0-0 a6 9. Nxc6 bxc6 10. Bf4 d5 11. Qa4 Qb6 12. Qb3 Qa5 13. Bc7 Qxc7 14. Qxb4 a5 15. Qa4 Ba6 16. cxd5 cxd5 17. Rac1 Qb6 18. Rc2 Rac8 19. Rfc1 Rc4 20. Qa3 h6 21. Na4 Rxc2 22. Rxc2 Qd4 23. Nc3 Qb6 24. Na4 Qb5 25. Nc3 Qb4 26. Qxb4 axb4 27. Nd1 Rc8 28. Rxc8+ Bxc8 29. b3 e5 30. Ne3 Ba6 31. Kf1 d4 32. Nc2 d3 33. Ne3 d2 34. Nd1 Kf8 35. f3 Nd5 36. Kf2 Nc3 37. Ne3 Bxe2 38. Bf1 Bxf1 39. Kxf1 d1Q+ 40. Nxd1 Nxd1 41. Ke2 Nc3+ 42. Kd2 Nxa2 43. Kd3 0-1

[Event "Reykjavik TR U2000 op"]
[Site "Reykjavik"]
[Date "2017.11.22"]
[Round "6"]
[White "Ivarsson Schram, Bjorgvin"]
[Black "Fivelstad, Jon Olav"]
[Result "0-1"]
[WhiteElo "1554"]
[BlackElo "1950"]
[PlyCount "96"]
[EventDate "2017.10.11"]
[EventType "swiss"]
[EventRounds "7"]
[EventCountry "ISL"]
[SourceTitle "CBM 181 Extra"]
[Source "ChessBase"]
[SourceDate "2017.12.12"]
[SourceVersion "1"]
[SourceVersionDate "2017.12.12"]
[SourceQuality "1"]

1. e4 g6 2. d4 Bg7 3. Nf3 c5 4. c3 Qc7 5. Be2 d6 6. 0-0 Nf6 7. Re1 0-0 8. Nbd2 Nbd7 9. Qc2 cxd4 10. Nxd4 a6 11. Nf1 b5 12. Be3 Bb7 13. f3 d5 14. exd5 Nxd5 15. Bf2 Nf4 16. Rad1 Nb6 17. Nd2 Rfd8 18. Ne4 Nc4 19. Bf1 Rac8 20. Qb1 Nd6 21. Nc5 Qxc5 22. Ne6 Nxe6 23. Bxc5 Rxc5 24. Kf2 Rdc8 25. a3 Bf6 26. g3 Ng5 27. Bg2 Ne6 28. f4 Bxg2 29. Kxg2 h5 30. Rd3 Kg7 31. Qd1 Nc4 32. Re2 h4 33. a4 hxg3 34. hxg3 Rh5 35. Rd5 Rxd5 36. Qxd5 Nc5 37. axb5 axb5 38. Kf3 e6 39. Qd1 Rd8 40. Qc2 Nd3 41. b3 Ncb2 42. c4 bxc4 43. bxc4 Rc8 44. Re3 Rxc4 45. Qb3 Rc3 46. Qb8 Bd4 47. Re2 Nc1+ 48. Ke4 Nxe2 0-1

[Event "Reykjavik TR U2000 op"]
[Site "Reykjavik"]
[Date "2017.10.18"]
[Round "2"]
[White "Gudmarsson, Olafur"]
[Black "Fivelstad, Jon Olav"]
[Result "1-0"]
[WhiteElo "1724"]
[BlackElo "1950"]
[PlyCount "81"]
[EventDate "2017.10.11"]
[EventType "swiss"]
[EventRounds "7"]
[EventCountry "ISL"]
[SourceTitle "CBM 181 Extra"]
[Source "ChessBase"]
[SourceDate "2017.12.12"]
[SourceVersion "1"]
[SourceVersionDate "2017.12.12"]
[SourceQuality "1"]

1. e4 d6 2. Nc3 g6 3. Bc4 Nf6 4. f4 Nxe4 5. Bxf7+ Kxf7 6. Nxe4 h6 7. Nf3 Bg7 8. c3 Rf8 9. Qb3+ e6 10. d4 Kg8 11. Bd2 Nc6 12. 0-0-0 Qe7 13. Rde1 Qf7 14. Ng3 a5 15. h4 a4 16. Qc4 Ra5 17. Qd3 Ne7 18. c4 Ra8 19. h5 Bd7 20. hxg6 Qxg6 21. Qxg6 Nxg6 22. Nh5 Bh8 23. g4 Bc6 24. Rhf1 Rae8 25. f5 exf5 26. Bxh6 fxg4 27. Bxf8 Rxf8 28. Nh2 Bf3 29. Nxf3 gxf3 30. Re4 Kh7 31. Kd2 Kh6 32. Ng3 c5 33. Rh1+ Kg7 34. dxc5 dxc5 35. Rh5 b6 36. Rg5 Kh6 37. Reg4 Rf6 38. Nf5+ Kh7 39. Rh5+ Kg8 40. Rxg6+ Rxg6 41. Ne7+ 1-0

[Event "ISL-chT2 1617"]
[Site "Reykjavik"]
[Date "2016.09.30"]
[Round "1.4"]
[White "Helgadottir, Sigridur Bjorg"]
[Black "Fivelstad, Jon Olav"]
[Result "0-1"]
[WhiteElo "1769"]
[BlackElo "1918"]
[PlyCount "54"]
[EventDate "2016.09.30"]
[EventType "team-tourn"]
[EventRounds "7"]
[EventCountry "ISL"]
[SourceTitle "EXT 2018"]
[Source "ChessBase"]
[SourceDate "2017.10.13"]
[SourceVersion "1"]
[SourceVersionDate "2017.10.13"]
[SourceQuality "1"]
[WhiteTeam "Fjolnis II"]
[BlackTeam "Reykjavik III"]
[WhiteTeamCountry "ISL"]
[BlackTeamCountry "ISL"]

1. d4 d5 2. c4 e6 3. e3 Nf6 4. Nf3 c6 5. Bd3 dxc4 6. Bxc4 Bd6 7. 0-0 0-0 8. Nc3 Nbd7 9. b3 Qe7 10. Bb2 b5 11. Bd3 a6 12. Rc1 Bb7 13. e4 e5 14. Qd2 Rfd8 15. Rfd1 exd4 16. Nxd4 Qe5 17. Nf3 Qh5 18. h3 Nc5 19. Qe3 Nxd3 20. Rxd3 Bc5 21. Rxd8+ Rxd8 22. Qe2 Bb6 23. e5 Nd5 24. e6 Nf4 25. exf7+ Qxf7 26. Qc2 Nxh3+ 27. gxh3 Qxf3 0-1

[Event "ISL-chT2 1516"]
[Site "Reykjavik"]
[Date "2015.09.26"]
[Round "3.2"]
[White "Fivelstad, Jon Olav"]
[Black "Andrason, Pall Snaedal"]
[Result "0-1"]
[WhiteElo "1928"]
[BlackElo "1799"]
[PlyCount "50"]
[EventDate "2015.09.25"]
[EventType "team-tourn"]
[EventRounds "7"]
[EventCountry "ISL"]
[SourceTitle "EXT 2017"]
[Source "ChessBase"]
[SourceDate "2016.10.25"]
[SourceVersion "1"]
[SourceVersionDate "2016.10.25"]
[SourceQuality "1"]
[WhiteTeam "Reykjavik III"]
[BlackTeam "Gardabaer"]
[WhiteTeamCountry "ISL"]
[BlackTeamCountry "ISL"]

1. Nf3 e6 2. c4 d5 3. d4 c6 4. e3 Bd6 5. Bd3 Nd7 6. c5 Bc7 7. b4 a6 8. Bb2 f5 9. Nbd2 Ngf6 10. Ne5 0-0 11. f4 Ne4 12. Qf3 Nxe5 13. fxe5 b6 14. Nb3 bxc5 15. dxc5 a5 16. Nd4 axb4 17. Nb3 Ba6 18. Bxa6 Rxa6 19. 0-0 Qe7 20. a3 bxa3 21. Rxa3 Rxa3 22. Bxa3 Bxe5 23. Qe2 Ra8 24. Bb4 Bb8 25. Na5 Qc7 0-1

[Event "Reykjavik op"]
[Site "Reykjavik"]
[Date "2015.03.14"]
[Round "6"]
[White "Fivelstad, Jon Olav"]
[Black "Gasanova, Ulker"]
[Result "1-0"]
[WhiteElo "1929"]
[BlackElo "1645"]
[PlyCount "47"]
[EventDate "2015.03.10"]
[EventType "swiss"]
[EventRounds "10"]
[EventCountry "ISL"]
[SourceTitle "CBM 165 Extra"]
[Source "ChessBase"]
[SourceDate "2015.04.21"]
[SourceVersion "1"]
[SourceVersionDate "2015.04.21"]
[SourceQuality "1"]

1. c4 e6 2. g3 Nf6 3. Bg2 d6 4. d4 Nbd7 5. Nf3 Nb6 6. b3 Be7 7. 0-0 0-0 8. Nc3 a6 9. Bb2 c5 10. a4 Qc7 11. Rc1 Rd8 12. Qc2 Bd7 13. e4 cxd4 14. Nxd4 Bc6 15. Qe2 Nbd7 16. Nd5 Bxd5 17. cxd5 Qb6 18. dxe6 Nc5 19. exf7+ Kxf7 20. Qc4+ Ke8 21. Ne6 Nxe6 22. Qxe6 Qb4 23. Bxf6 gxf6 24. Rc7 1-0

[Event "Reykjavik op"]
[Site "Reykjavik"]
[Date "2015.03.13"]
[Round "5"]
[White "Einarsson, Halldor Gretar"]
[Black "Fivelstad, Jon Olav"]
[Result "1-0"]
[WhiteElo "2166"]
[BlackElo "1929"]
[PlyCount "43"]
[EventDate "2015.03.10"]
[EventType "swiss"]
[EventRounds "10"]
[EventCountry "ISL"]
[SourceTitle "CBM 165 Extra"]
[Source "ChessBase"]
[SourceDate "2015.04.21"]
[SourceVersion "1"]
[SourceVersionDate "2015.04.21"]
[SourceQuality "1"]

1. d4 Nf6 2. c4 g6 3. Nc3 Bg7 4. e4 d6 5. f3 0-0 6. Be3 c6 7. Qd2 a6 8. Bd3 Qc7 9. Nge2 b5 10. b3 Nbd7 11. Rc1 b4 12. Na4 a5 13. c5 Rd8 14. 0-0 Ba6 15. Rc2 dxc5 16. Nxc5 Nxc5 17. Rxc5 Nd7 18. Rc2 Qd6 19. Rfc1 c5 20. Bxa6 Rxa6 21. dxc5 Qxd2 22. Rxd2 1-0

[Event "Reykjavik op"]
[Site "Reykjavik"]
[Date "2015.03.12"]
[Round "4"]
[White "Fivelstad, Jon Olav"]
[Black "Starosciak, Adrian"]
[Result "1-0"]
[WhiteElo "1929"]
[BlackElo "1304"]
[PlyCount "95"]
[EventDate "2015.03.10"]
[EventType "swiss"]
[EventRounds "10"]
[EventCountry "ISL"]
[SourceTitle "CBM 165 Extra"]
[Source "ChessBase"]
[SourceDate "2015.04.21"]
[SourceVersion "1"]
[SourceVersionDate "2015.04.21"]
[SourceQuality "1"]

1. d4 d5 2. c4 e6 3. Nc3 Bb4 4. Nf3 Nf6 5. Qc2 Nbd7 6. Bg5 c5 7. e3 h6 8. Bh4 Qa5 9. Nd2 cxd4 10. exd4 0-0 11. Be2 Re8 12. 0-0 b6 13. Nb3 Qa6 14. cxd5 Qb7 15. dxe6 fxe6 16. Bf3 Nd5 17. Qg6 Bxc3 18. Qxe8+ Kh7 19. bxc3 Qc7 20. c4 Bb7 21. Qxe6 Nf4 22. Qf5+ Ng6 23. Bg3 Qc8 24. h4 Bxf3 25. gxf3 Ndf8 26. Qxc8 Rxc8 27. Rac1 Ne6 28. Rfe1 Nef4 29. Re3 h5 30. a4 a5 31. d5 Kg8 32. Bxf4 Nxf4 33. Kh2 Kf7 34. Kg3 Ng6 35. d6 Rd8 36. Rd1 Kf6 37. c5 bxc5 38. Nxc5 Ne5 39. d7 g6 40. f4 Nxd7 41. Rxd7 Rxd7 42. Nxd7+ Kf7 43. f5 gxf5 44. Kf4 Kg7 45. Kxf5 Kh7 46. Kf6 Kh6 47. Re8 Kh7 48. Ra8 1-0

[Event "Reykjavik op"]
[Site "Reykjavik"]
[Date "2015.03.11"]
[Round "3"]
[White "Finnsson, Johann Arnar"]
[Black "Fivelstad, Jon Olav"]
[Result "0-1"]
[WhiteElo "1491"]
[BlackElo "1929"]
[PlyCount "60"]
[EventDate "2015.03.10"]
[EventType "swiss"]
[EventRounds "10"]
[EventCountry "ISL"]
[SourceTitle "CBM 165 Extra"]
[Source "ChessBase"]
[SourceDate "2015.04.21"]
[SourceVersion "1"]
[SourceVersionDate "2015.04.21"]
[SourceQuality "1"]

1. e4 d6 2. Nc3 Nf6 3. d3 g6 4. g3 Bg7 5. Bg2 0-0 6. Nge2 c6 7. 0-0 Nbd7 8. Be3 Qc7 9. Qd2 b5 10. Bh6 Bb7 11. a3 a5 12. Bxg7 Kxg7 13. f4 b4 14. Nd1 c5 15. b3 bxa3 16. Rxa3 c4 17. bxc4 Qc5+ 18. d4 Qxa3 19. e5 Ne4 20. Bxe4 Bxe4 21. exd6 Qxd6 22. d5 Qc5+ 23. Nf2 Nf6 24. Nc3 a4 25. Re1 Bf5 26. Kg2 Qxc4 27. g4 Nxg4 28. Nxg4 Bxg4 29. f5 Bxf5 30. d6 Qg4+ 0-1

[Event "Reykjavik op"]
[Site "Reykjavik"]
[Date "2013.02.26"]
[Round "9"]
[White "Rodriguez Fonseca, Jorge"]
[Black "Fivelstad, Jon Olav"]
[Result "0-1"]
[WhiteElo "2009"]
[BlackElo "1888"]
[PlyCount "81"]
[EventDate "2013.02.19"]
[EventType "swiss"]
[EventRounds "10"]
[EventCountry "ISL"]
[SourceTitle "CBM 153 Extra"]
[Source "ChessBase"]
[SourceDate "2013.04.22"]
[SourceVersion "1"]
[SourceVersionDate "2013.04.22"]
[SourceQuality "1"]

1. e4 g6 2. d4 Bg7 3. Nc3 d6 4. Be3 Nf6 5. f3 Nbd7 6. Bc4 c5 7. dxc5 dxc5 8. Qd2 a6 9. Rd1 Qa5 10. a4 0-0 11. Nge2 Ne5 12. Ba2 Be6 13. Bxe6 fxe6 14. Qc1 Nc4 15. Bg5 Qb4 16. 0-0 Nxb2 17. Rde1 Nxa4 18. Nd1 Qb6 19. Qa3 Qc6 20. c4 b5 21. e5 Nd7 22. f4 Nab6 23. cxb5 axb5 24. Qh3 Nd5 25. Qh4 Rf7 26. Nec3 b4 27. Nxd5 Qxd5 28. Ne3 Qd4 29. Rf3 Nf8 30. Rd1 Ra1 31. Rxa1 Qxa1+ 32. Nf1 c4 33. Bxe7 b3 34. Bxf8 Qd4+ 35. Qf2 Qxf2+ 36. Kxf2 Bxf8 37. Ke2 Bb4 38. Nd2 b2 39. Nb1 Ra7 40. g4 c3 41. Rxc3 0-1

[Event "Reykjavik op"]
[Site "Reykjavik"]
[Date "2013.02.25"]
[Round "8"]
[White "Fivelstad, Jon Olav"]
[Black "Jonsson, Gauti Pall"]
[Result "1-0"]
[WhiteElo "1888"]
[BlackElo "1519"]
[PlyCount "119"]
[EventDate "2013.02.19"]
[EventType "swiss"]
[EventRounds "10"]
[EventCountry "ISL"]
[SourceTitle "CBM 153 Extra"]
[Source "ChessBase"]
[SourceDate "2013.04.22"]
[SourceVersion "1"]
[SourceVersionDate "2013.04.22"]
[SourceQuality "1"]

1. c4 Nf6 2. g3 g6 3. Bg2 Bg7 4. d4 0-0 5. Nf3 d6 6. Nc3 Nbd7 7. 0-0 e5 8. h3 c6 9. Be3 Qc7 10. Qc1 Re8 11. dxe5 Nxe5 12. Nxe5 dxe5 13. Bh6 Bh8 14. Qe3 Be6 15. b3 Nd7 16. Rad1 f5 17. Bg5 Bf6 18. Na4 Bxg5 19. Qxg5 Kg7 20. Qd2 Rad8 21. Qc3 Kf7 22. Rd2 e4 23. Rfd1 Nf6 24. Qe3 b6 25. Rd4 Ke7 26. Nc3 Rxd4 27. Rxd4 Rd8 28. g4 Rxd4 29. Qxd4 Qd6 30. e3 Qxd4 31. exd4 fxg4 32. hxg4 Bxg4 33. Nxe4 Nxe4 34. Bxe4 Kd6 35. Kg2 Be6 36. Kg3 Bf7 37. Kh4 h6 38. Kg4 a5 39. f4 a4 40. Kf3 b5 41. c5+ Kd7 42. bxa4 bxa4 43. a3 g5 44. fxg5 hxg5 45. Kg4 Kc7 46. Kxg5 Bc4 47. Kf4 Bg8 48. Ke5 Bf7 49. Bd3 Bd5 50. Kf4 Kb7 51. Ke3 Ka7 52. Kd2 Kb7 53. Bc2 Ka6 54. Bxa4 Ka5 55. Bc2 Kb5 56. Ke3 Be6 57. Ke4 Bd5+ 58. Ke5 Ba2 59. Be4 Bf7 60. Kd6 1-0

[Event "Reykjavik op"]
[Site "Reykjavik"]
[Date "2012.03.13"]
[Round "9"]
[White "Fivelstad, Jon Olav"]
[Black "Bjarnason, Saevar"]
[Result "1/2-1/2"]
[WhiteElo "1879"]
[BlackElo "2092"]
[PlyCount "91"]
[EventDate "2012.03.06"]
[EventType "swiss"]
[EventRounds "9"]
[EventCountry "ISL"]
[SourceTitle "CBM 147 Extra"]
[Source "ChessBase"]
[SourceDate "2012.04.24"]
[SourceVersion "1"]
[SourceVersionDate "2012.04.24"]
[SourceQuality "1"]

1. c4 Nf6 2. Nf3 g6 3. g3 Bg7 4. Bg2 0-0 5. 0-0 d6 6. d4 Nbd7 7. Nc3 e5 8. dxe5 dxe5 9. Qc2 c6 10. b3 Re8 11. Rd1 Qc7 12. Ba3 Bf8 13. Bxf8 Nxf8 14. Ng5 Bf5 15. Nge4 Bxe4 16. Bxe4 Ne6 17. e3 Rad8 18. Rxd8 Rxd8 19. Rd1 Kf8 20. b4 Ke7 21. Kf1 a5 22. a3 axb4 23. axb4 Qb6 24. Rxd8 Kxd8 25. Qa4 Ke7 26. Ke2 Nd7 27. c5 Qc7 28. Qa7 Qb8 29. Qxb8 Nxb8 30. Bd3 f5 31. h4 Nc7 32. Bc4 Nba6 33. Na2 Kf6 34. Kd3 h6 35. Kc3 Nb8 36. Nc1 Nd7 37. Nb3 b6 38. cxb6 Nxb6 39. Na5 Nb5+ 40. Kb3 Na7 41. Be2 g5 42. Ba6 Ke6 43. hxg5 hxg5 44. Bc4+ Kd7 45. Bd3 Ke6 46. Bc4+ 1/2-1/2

[Event "Reykjavik op"]
[Site "Reykjavik"]
[Date "2012.03.12"]
[Round "8"]
[White "Leite, Steinar"]
[Black "Fivelstad, Jon Olav"]
[Result "0-1"]
[WhiteElo "1707"]
[BlackElo "1879"]
[PlyCount "61"]
[EventDate "2012.03.06"]
[EventType "swiss"]
[EventRounds "9"]
[EventCountry "ISL"]
[SourceTitle "CBM 147 Extra"]
[Source "ChessBase"]
[SourceDate "2012.04.24"]
[SourceVersion "1"]
[SourceVersionDate "2012.04.24"]
[SourceQuality "1"]

1. e4 c5 2. Nf3 e6 3. d3 Nc6 4. g3 g6 5. Bg2 Bg7 6. 0-0 Nge7 7. c3 d5 8. exd5 exd5 9. Re1 0-0 10. Bf4 Bf5 11. Nh4 Be6 12. Qd2 Re8 13. a4 Na5 14. Qc2 Nec6 15. Nf3 Bf5 16. Rxe8+ Qxe8 17. Na3 c4 18. Ne1 Nb3 19. Rd1 Nc5 20. Bxd5 cxd3 21. Qd2 Rd8 22. Bc4 Nxa4 23. Nb5 Ne5 24. Bxe5 Bxe5 25. b3 Nb6 26. Bxd3 Bxd3 27. Nxd3 Qxb5 28. Qc2 Bf6 29. c4 Qf5 30. Qe2 h5 31. Qxh5 0-1

[Event "Reykjavik op"]
[Site "Reykjavik"]
[Date "2012.03.09"]
[Round "4"]
[White "Skoien, Havard"]
[Black "Fivelstad, Jon Olav"]
[Result "1-0"]
[WhiteElo "2121"]
[BlackElo "1879"]
[PlyCount "185"]
[EventDate "2012.03.06"]
[EventType "swiss"]
[EventRounds "9"]
[EventCountry "ISL"]
[SourceTitle "CBM 147 Extra"]
[Source "ChessBase"]
[SourceDate "2012.04.24"]
[SourceVersion "1"]
[SourceVersionDate "2012.04.24"]
[SourceQuality "1"]

1. d4 Nf6 2. c4 c5 3. d5 e6 4. Nc3 exd5 5. cxd5 d6 6. Nf3 g6 7. Bg5 h6 8. Bf4 Nh5 9. Bd2 Bg7 10. h3 g5 11. e4 a6 12. a4 b6 13. Nh2 Nf4 14. Ng4 Ng6 15. Be2 Nd7 16. Ne3 Nde5 17. g3 0-0 18. Nf5 Qf6 19. Nxg7 Kxg7 20. Be3 Bd7 21. h4 g4 22. h5 Ne7 23. Bf4 Nf3+ 24. Bxf3 gxf3 25. Qxf3 b5 26. 0-0 Ng8 27. Rfe1 Kh7 28. e5 Qf5 29. exd6 Nf6 30. Re5 Qh3 31. Qg2 b4 32. Ne4 Qxg2+ 33. Kxg2 Nxe4 34. Rxe4 Rfd8 35. b3 Bg4 36. Rc1 Rac8 37. Rec4 Bxh5 38. Rxc5 Rxc5 39. Rxc5 Bd1 40. Rc7 Bxb3 41. Rxf7+ Kg6 42. Ra7 Bxa4 43. Rxa6 Bc2 44. Kf3 Rd7 45. Rb6 b3 46. Ke3 h5 47. Be5 Kf5 48. Bb2 Kg4 49. Rb4+ Kg5 50. Rb6 Kg4 51. Bf6 Kf5 52. Bd4 Be4 53. Rxb3 Rxd6 54. f3 Bxd5 55. Rb5 Kg6 56. Be5 Bc6 57. Rb6 Re6 58. Kf4 Bd5 59. Rb5 Bc6 60. Rc5 Be8 61. Bc3 Rc6 62. Rg5+ Kf7 63. Bd4 Ke6 64. Re5+ Kd7 65. Rg5 Ra6 66. Be5 Bg6 67. Bd4 Be8 68. Ke4 Bg6+ 69. Ke3 Ra3+ 70. Kf4 Ra6 71. Rb5 Be8 72. Kg5 Rg6+ 73. Kh4 Rd6 74. Be5 Rd3 75. f4 Ke6 76. Rb8 Bf7 77. Rb6+ Ke7 78. f5 Rb3 79. Rxb3 Bxb3 80. Kxh5 Kf7 81. g4 Bd1 82. Kg5 Be2 83. Kf4 Bd1 84. g5 Bc2 85. g6+ Kg8 86. Kg5 Bb3 87. f6 Be6 88. Bd4 Bc4 89. Kf5 Bd5 90. Ke5 Bb3 91. Be3 Bc4 92. Bh6 Bb3 93. Kd6 1-0

[Event "Reykjavik op"]
[Site "Reykjavik"]
[Date "2012.03.06"]
[Round "1"]
[White "Fivelstad, Jon Olav"]
[Black "Aguera Naredo, Javier"]
[Result "0-1"]
[WhiteElo "1879"]
[BlackElo "2358"]
[PlyCount "66"]
[EventDate "2012.03.06"]
[EventType "swiss"]
[EventRounds "9"]
[EventCountry "ISL"]
[SourceTitle "CBM 147 Extra"]
[Source "ChessBase"]
[SourceDate "2012.04.24"]
[SourceVersion "1"]
[SourceVersionDate "2012.04.24"]
[SourceQuality "1"]

1. d4 g6 2. c4 Bg7 3. Nc3 Nf6 4. e4 d6 5. Nf3 0-0 6. Be2 Na6 7. 0-0 e5 8. Re1 Qe8 9. d5 Nc5 10. Bf1 a5 11. b3 Nh5 12. Be3 b6 13. Nb5 Qe7 14. Bg5 f6 15. Bd2 Qd8 16. a3 f5 17. Nc3 Nf6 18. Bg5 a4 19. Nd2 axb3 20. Nxb3 Nxb3 21. Qxb3 f4 22. Nb5 Rf7 23. a4 Ra5 24. Rec1 Qf8 25. Bxf6 Bxf6 26. Ra2 g5 27. Rac2 g4 28. Qb4 Bg5 29. c5 dxc5 30. Rxc5 f3 31. R1c2 fxg2 32. Kxg2 Be3 33. fxe3 Rxf1 0-1